000 00804nam a22002777a 4500
005 20230512223047.0
008 190426t xxu||||| |||| 00| 0 eng d
020 _a9781635498004
040 _cCSPC
082 0 _a020
_bL616
245 0 0 _aLibrary science
260 _aNew York:
_bLarsen & Keller Education,
_c2018.
300 _avi, 230 pages:
_bcolored images;
_c26 cm.
336 _2rdacontent
_atext
337 _2rdamedia
_aunmediated
338 _2rdacarrier
_avolume
500 _aIncludes index.
504 _aIncludes bibliographical references.
650 1 0 _aLibrary Fund.
650 1 0 _aInformation science.
700 1 _aPramod Kumar Singh
_eeditor
940 _aLenie
942 _cBOOK
_jCIR 020 L616 2018
999 _c7927
_d7927